Las monedas chilenas. Memoria presentada a la Universidad de Chile, en conformidad a lo dispuesto en el Artículo 22 de la Ley de 9 de enero de 1879, sobre instrucción secundaria y superior

Uloženo v:
Podrobná bibliografie
Médium: Kniha
Jazyk:španělština
Vydáno: Santiago Impreso y grabado en casa del Autor 1902
Vydání:1a. ed
Témata:
Tagy: Přidat tag
Žádné tagy, Buďte první, kdo vytvoří štítek k tomuto záznamu!

MARC

LEADER 00000nam a2200000 a 4500
001 UCJ6092
003 CL-VaPUC
005 20230415074400.0
008 070124e19020000CL |||||||||||||||||spa|d
999 |c 322200  |d 322198 
040 |c Pontificia Universidad Católica de Valparaíso 
082 0 4 |a 983  |b MED  |2 21 
245 1 4 |a Las monedas chilenas. Memoria presentada a la Universidad de Chile, en conformidad a lo dispuesto en el Artículo 22 de la Ley de 9 de enero de 1879, sobre instrucción secundaria y superior 
250 |a 1a. ed 
260 |a Santiago  |b Impreso y grabado en casa del Autor  |c 1902 
300 |a cccvii, 251 p 
500 |a Folio.- Anteport.- v. en bl.- Front.: Grabado de un peso De Fernando VI, acuñado en Chile. Retrato y autógrafo de Don Francisco García de Huidobro.- Port. a dos tintas.- v. en bl.- 13 láminas con grabados.- Chiappa-Feliú Cruz 137 
583 |a last modification  |c 20070124 00:00:00  |k Rodrigo Vera 
600 0 7 |a FERNANDO VI DE ESPAÑA  |2 CL-VaPUC  |9 512315 
650 0 |a Numismática  |9 318332 
650 7 |a MONEDAS  |2 CL-VaPUC  |9 505392 
650 0 |a Ilustraciones  |9 369481 
650 0 |a Iconografía   |9 267998 
942 |c BK  |2 ddc 
945 |d 20070124 00:00:00  |a rinostro 
952 |0 0  |1 0  |4 0  |6 983_000000000000000_MED_1902  |7 0  |8 X  |9 401133  |a FDOBUD  |b FDOBUD  |d 2019-11-22  |i 1043617  |o 983 MED 1902  |p 1043617  |r 2019-11-22  |w 2019-11-22  |y BK_X  |k BUD